000 00273nam a22001217a 4500
008 170524b xxu||||| |||| 00| 0 eng d
041 _aeng
080 _a62
100 _a16
101 _aIM
245 _aELECTRICAL ENGINERING CIRECUITS
_cSKILLING.H.H
942 _2udc
_cBK
999 _c14013
_d14013